Nel mondo da credenti

Saved in:  
Bibliographic Details
Contributors: Bianchi, Enzo 1943- (Other)
Format: Print Book
Language:Italian
Subito Delivery Service: Order now.
Check availability: HBZ Gateway
WorldCat: WorldCat
Interlibrary Loan:Interlibrary Loan for the Fachinformationsdienste (Specialized Information Services in Germany)
Published: Bologna Centro Ed. Dehoniano 1987
In: Parola spirito e vita (15)
Year: 1987
Series/Journal:Parola spirito e vita 15
Further subjects:B Biblical studies
B Imparting the faith
B Christian upbringing
B Bible
B Faith

MARC

LEADER 00000cam a2200000 c 4500
001 1088528643
003 DE-627
005 20240425201456.0
007 tu
008 890906s1987 xx ||||| 00| ||ita c
035 |a (DE-627)1088528643 
035 |a (DE-576)018528643 
035 |a (DE-599)BSZ018528643 
035 |a (OCoLC)310876604 
040 |a DE-627  |b ger  |c DE-627  |e rakwb 
041 |a ita 
084 |a 1  |2 ssgn 
245 0 0 |a Nel mondo da credenti  |c Enzo Bianchi ... 
264 1 |a Bologna  |b Centro Ed. Dehoniano  |c 1987 
300 |a 331 S. 
336 |a Text  |b txt  |2 rdacontent 
337 |a ohne Hilfsmittel zu benutzen  |b n  |2 rdamedia 
338 |a Band  |b nc  |2 rdacarrier 
490 1 |a Parola spirito e vita  |v 15 
583 1 |a Archivierung prüfen  |c 20200919  |f DE-640  |z 1  |2 pdager 
583 1 |a Archivierung/Langzeitarchivierung gewährleistet  |f SSG  |x XA-DE-BW  |2 pdager  |5 DE-21 
630 0 7 |0 (DE-588)4006406-2  |0 (DE-627)106377604  |0 (DE-576)208865497  |a Bibel  |2 gnd 
650 0 7 |0 (DE-588)4135180-0  |0 (DE-627)105667005  |0 (DE-576)209658614  |a Bibelwissenschaft  |2 gnd 
650 0 7 |0 (DE-588)4071867-0  |0 (DE-627)104707917  |0 (DE-576)209185139  |a Glaube  |2 gnd 
650 0 7 |0 (DE-588)4010085-6  |0 (DE-627)104598840  |0 (DE-576)208885897  |a Christliche Erziehung  |2 gnd 
650 0 7 |0 (DE-588)4136645-1  |0 (DE-627)105655953  |0 (DE-576)209670932  |a Glaubensvermittlung  |2 gnd 
700 1 |e Mitarb.  |0 (DE-588)120707152  |0 (DE-627)080841872  |0 (DE-576)16526201X  |4 oth  |a Bianchi, Enzo  |d 1943- 
830 0 |a Parola spirito e vita  |v 15  |9 15  |w (DE-627)16678785X  |w (DE-576)015231267  |w (DE-600)306451-7  |7 am 
935 |a mteo 
951 |a BO 
ELC |b 1 
ITA |a 1  |t 1 
LOK |0 000 xxxxxcx a22 zn 4500 
LOK |0 001 2134264829 
LOK |0 003 DE-627 
LOK |0 004 1088528643 
LOK |0 005 20100121115708 
LOK |0 008 890906||||||||||||||||ger||||||| 
LOK |0 040   |a DE-21  |c DE-627  |d DE-21 
LOK |0 852   |a DE-21 
LOK |0 852 1  |c ZA 5324-15  |9 00 
LOK |0 935   |a theo  |a sepp 
LOK |0 936ln  |a t2 
LOK |0 936ln  |a t7.4 
LOK |0 939   |a 06-09-89  |b l01 
ORI |a SA-MARC-ixtheoa001.raw 
STA 0 0 |a Bible,Biblical studies,Christian upbringing,Christian education,Faith,Faith,Belief in God,Imparting the faith,Faith 
STB 0 0 |a Foi,Foi,Science biblique,Transmission de la foi,Éducation chrétienne 
STC 0 0 |a Educación cristiana,Exegesis,Fe,Fe,Transmisión de la fe 
STD 0 0 |a Educazione cristiana,Esegesi biblica,Fede,Fede,Trasmissione della fede 
STE 0 0 |a 传授信仰,信念,信念,信心,信德,信心,信德,圣经研究,基督徒培育,基督徒培养 
STF 0 0 |a 信念,信念,信心,信德,信心,信德,傳授信仰,基督徒培育,基督徒培養,聖經研究 
STG 0 0 |a Educação cristã,Exegese,Fé,Fé,Transmissão da fé 
STH 0 0 |a Библеистика,Вера (мотив),Вера,Передача веры,Христианское воспитание 
STI 0 0 |a Βιβλική ερμηνεία,Μετάδοση της πίστης,Πίστη (μοτίβο),Πίστη,Χριστιανική εκπαίδευση 
SYD 0 0 |a Bible for Today's Family,Contemporary English version bible,CEV,New International Reader's,NIrV,NIV,N.I.V.,New International Version Bible,English Standard Version,ESV,ESV Bible,Holy Bible, English Standard Version,Schlachter-Bibel,Schlachterbibel,Zürcher Bibel,Bibel,Handschrift,Arras,Bibliothèque Municipale,Ms. 559,Saint-Vaast Bible,Vatopediu,Athos, Bibliothek,Cod. 1582,Bibbia di Ripoll,Ripoll Bibel,La bible nouvellement translatée avec annotations,Bibel,Althochdeutsch,Glosse,Basel,Universitätsbibliothek,Cod. N I 3 Nr. 97a,Bibelglossatur M,Basel,Universitätsbibliothek,Cod. N I 3 Nr. 97a,Bibel,Handschrift,Breslau,Universitätsbibliothek,Ms. M 1106,Bibel,Bibel,Bibel,Bibel,Bibel,Bibel,Bibel in gerechter Sprache,Itala,Bibel,Bibel,Bibel,Bibel,King James Version,Authorized Version,Authorised Version,KJV,KJB,King James Bible,King-James-Bibel,Zwingli-Bibel,Zwinglibibel,Zürcher Bibelübersetzung,Bibel,Neues Testament,Einheitsübersetzung,Einheitsübersetzung der Heiligen Schrift,Biblia,Heilige Schrift,Bible,Die Bibel,Die Heilige Schrift,La Sainte Bible,La Soncha Scrittüra,Biblia Sacra,La Bible,The Holy Bible,Sveto pismo Staroga i Novoga zaveta,Biblia święta,Biblí svatá,Biblija,La Sacra Bibbia,La Santa Biblia,Die Heiligen Schriften des Alten und Neuen Bundes,Die Heiligen Schriften,Die gantze Heilige Schrifft Deudsch,Die ganze Heilige Schrifft,Kitāb-i muqaddas,al- Kitab al-muqaddas,Seisho,Müqäddäs kitab,Beibel,Bībele,Lutherbibel,Luther-Bibel,Biblia, das ist, die gantze heilige Schrifft Deudsch 
SYE 0 0 |a Glauben,Gottesglaube,Überzeugung , Christentum , Glaubensweitergabe,Glaube